Họ trở thành nhân vật của tôi
Những bài viết, cảm nhận của tác giả Hồ Anh Thái về những nhà văn, nhà thơ cùng các tác phẩm của họ
Sparad:
| Huvudupphovsman: | |
|---|---|
| Materialtyp: | Bok |
| Språk: | Vietnamese |
| Publicerad: |
H.
Hội nhà văn
2005
|
| Upplaga: | Tái bản, có bổ sung |
| Ämnen: | |
| Taggar: |
Lägg till en tagg
Inga taggar, Lägg till första taggen!
|
| Thư viện lưu trữ: | Mạng thư viện Đại học Đà Nẵng |
|---|
| LEADER | 01265nam a2200361 4500 | ||
|---|---|---|---|
| 001 | 000005945 | ||
| 003 | 2098 | ||
| 005 | 20120510100527.0 | ||
| 008 | 110825s2005 viesd | ||
| 020 | |c 40000 | ||
| 041 | 0 | |a vie | |
| 082 | |a 895.9228 |b HÔ-T | ||
| 100 | 0 | |a Hồ Anh Thái | |
| 245 | 0 | |a Họ trở thành nhân vật của tôi |c Hồ Anh Thái | |
| 250 | |a Tái bản, có bổ sung | ||
| 260 | |a H. |b Hội nhà văn |c 2005 | ||
| 300 | |a 363 tr |c 21 cm | ||
| 520 | |a Những bài viết, cảm nhận của tác giả Hồ Anh Thái về những nhà văn, nhà thơ cùng các tác phẩm của họ | ||
| 653 | |a Văn học hiện đại | ||
| 653 | |a Việt Nam | ||
| 653 | |a Tạp văn | ||
| 700 | |a Hồ Anh Thái |e Tác giả | ||
| 910 | |a Nguyễn Thị Kim Oanh |d 25/08/2011 | ||
| OWN | |a LSP | ||
| AVA | |a UDN50 |b LSP |d 895.9228 HÔ-T |e available |t Error 5001 Not defined in file expand_doc_bib_avail. |f 2 |g 0 |h N |i 0 |k 1 | ||
| 999 | |a From the UDN01 | ||
| AVA | |a UDN50 |b LSP |d 895.9228 HÔ-T |e available |t Error 5001 Not defined in file expand_doc_bib_avail. |f 2 |g 0 |h N |i 0 |k 1 | ||
| TYP | |a Monograph | ||
| TYP | |a Printed language | ||
| 980 | |a Mạng thư viện Đại học Đà Nẵng | ||